[Event "Khanty-Mansiysk Governor Cup-B 9th"]
[Site "Khanty-Mansiysk"]
[Date "2013.11.30"]
[Round "3"]
[White "Zemerov, Eugenij"]
[Black "Lev, Nikolay"]
[Result "1-0"]
[WhiteElo "2027"]
[BlackElo "1680"]
[PlyCount "71"]
[EventDate "2013.11.28"]
[EventType "swiss"]
[EventRounds "9"]
[EventCountry "RUS"]
[SourceTitle "CBM 157 Extra"]
[Source "ChessBase"]
[SourceDate "2013.12.19"]
[SourceVersion "1"]
[SourceVersionDate "2013.12.19"]
[SourceQuality "1"]

1. d4 Nf6 2. c4 e6 3. g3 Bb4+ 4. Bd2 Be7 5. Bg2 0-0 6. Nc3 d6 7. Nf3 Nbd7 8. 0-0 e5 9. Qc2 c6 10. Rfd1 Qc7 11. Rac1 Re8 12. Be1 Bf8 13. d5 c5 14. e4 a6 15. a3 g6 16. Bd2 Bg7 17. Ne1 Nb6 18. b3 Qe7 19. h3 Nh5 20. Be3 f5 21. exf5 Bxf5 22. Qe2 Nf6 23. b4 e4 24. bxc5 dxc5 25. g4 Bd7 26. d6 Qe5 27. g5 Nh5 28. Nxe4 Nf4 29. Bxf4 Qxf4 30. Nd3 Qxg5 31. Nxg5 Rxe2 32. Nxc5 Rf8 33. Nxd7 Rfxf2 34. Bf1 Rd2 35. Ne4 Rxd1 36. Rxd1 1-0

[Event "Khanty-Mansiysk Governor Cup-B 8th"]
[Site "Khanty-Mansiysk"]
[Date "2012.11.18"]
[Round "4"]
[White "Lev, Nikolay"]
[Black "Chekletsov, Egor"]
[Result "1/2-1/2"]
[WhiteElo "1722"]
[BlackElo "1867"]
[PlyCount "58"]
[EventDate "2012.11.15"]
[EventType "swiss"]
[EventRounds "9"]
[EventCountry "RUS"]
[SourceTitle "CBM 151 Extra"]
[Source "ChessBase"]
[SourceDate "2012.12.18"]
[SourceVersion "1"]
[SourceVersionDate "2012.12.18"]
[SourceQuality "1"]

1. Nf3 Nf6 2. d4 d5 3. Bf4 e6 4. c4 c6 5. Nc3 Bd6 6. Bxd6 Qxd6 7. e3 Nbd7 8. cxd5 exd5 9. Bd3 0-0 10. 0-0 Re8 11. Qc2 Qe7 12. Rab1 Ne4 13. Nd2 Ndf6 14. Rbe1 Nxd2 15. Qxd2 Ne4 16. Qc2 Bf5 17. f3 Nxc3 18. Qxc3 Bxd3 19. Qxd3 h6 20. e4 dxe4 21. fxe4 Rad8 22. Qc4 Qe6 23. d5 cxd5 24. exd5 Qxe1 25. Rxe1 Rxe1+ 26. Kf2 Re5 27. d6 Rxd6 28. Qc8+ Kh7 29. Qc2+ Kg8 1/2-1/2

[Event "Golubitskaya op"]
[Site "Golubitskaya"]
[Date "2012.07.04"]
[Round "8"]
[White "Lev, Nikolay"]
[Black "Vartaniants, Mikhail"]
[Result "0-1"]
[WhiteElo "1746"]
[BlackElo "1808"]
[PlyCount "68"]
[EventDate "2012.06.26"]
[EventType "swiss"]
[EventRounds "9"]
[EventCountry "RUS"]
[SourceTitle "EXT 2014"]
[Source "ChessBase"]
[SourceDate "2013.11.20"]
[SourceVersion "1"]
[SourceVersionDate "2013.11.20"]
[SourceQuality "1"]

1. Nf3 c5 2. c4 Nf6 3. d4 g6 4. d5 b5 5. b3 Qa5+ 6. Bd2 b4 7. Bc1 Ne4 8. Qc2 Nc3 9. Nxc3 bxc3 10. g3 d6 11. Bg2 Bg7 12. 0-0 0-0 13. e4 Bg4 14. Be3 Nd7 15. Nh4 Nb6 16. h3 Bd7 17. f4 Qa3 18. Nf3 Rfb8 19. Rab1 Qa6 20. g4 Nxc4 21. Bc1 Nb6 22. Rd1 Bb5 23. e5 Be2 24. Bf1 Bxd1 25. Qxd1 Qxa2 26. Bd3 dxe5 27. Nxe5 Nxd5 28. Qf3 Rd8 29. b4 Nxb4 30. Rxb4 cxb4 31. Bc4 Qa1 32. Nxf7 Qxc1+ 33. Kg2 Rd2+ 34. Kg3 Qe1+ 0-1

[Event "Moscow op-E"]
[Site "Moscow"]
[Date "2011.01.29"]
[Round "1.212"]
[White "Lev, Nikolay"]
[Black "Dorfman, Vasily"]
[Result "0-1"]
[WhiteElo "1737"]
[BlackElo "2160"]
[PlyCount "58"]
[EventDate "2011.01.29"]
[EventType "swiss"]
[EventRounds "9"]
[EventCountry "RUS"]
[SourceTitle "EXT 2022"]
[Source "ChessBase"]
[SourceDate "2021.10.06"]
[SourceVersion "1"]
[SourceVersionDate "2021.10.06"]
[SourceQuality "1"]

1. d4 Nf6 2. Nf3 g6 3. Bf4 Bg7 4. Nbd2 0-0 5. h3 d6 6. e3 c5 7. Be2 Nc6 8. c3 b6 9. a4 Bb7 10. 0-0 a6 11. Qb3 Na5 12. Qc2 Rc8 13. Nh2 Nc6 14. Nhf3 Nd5 15. Bg3 cxd4 16. Qb3 Na5 17. Qa2 dxc3 18. Nc4 cxb2 19. Rab1 Nc3 20. Qxb2 Nxc4 21. Bxc4 Nxb1 22. Bxf7+ Rxf7 23. Qxb1 Bxf3 24. gxf3 Kh8 25. Qe4 b5 26. Bh4 Qd7 27. axb5 axb5 28. Rb1 Rc4 29. Qd5 Rf5 0-1

[Event "Berdsk Maestro op 16th"]
[Site "Berdsk"]
[Date "2010.07.14"]
[Round "7"]
[White "Popov, Vyacheslav"]
[Black "Lev, Nikolay"]
[Result "0-1"]
[WhiteElo "1988"]
[BlackElo "1725"]
[PlyCount "78"]
[EventDate "2010.07.08"]
[EventType "swiss"]
[EventRounds "9"]
[EventCountry "RUS"]
[SourceTitle "EXT 2011"]
[Source "ChessBase"]
[SourceDate "2010.11.26"]
[SourceVersion "1"]
[SourceVersionDate "2010.11.26"]
[SourceQuality "1"]

1. e4 c5 2. b4 cxb4 3. d4 d6 4. Bd3 e5 5. Ne2 Nf6 6. 0-0 Be7 7. a3 bxa3 8. c3 0-0 9. Nxa3 a6 10. Kh1 b5 11. Ng3 Nc6 12. Nc2 Qb6 13. f4 exd4 14. cxd4 b4 15. d5 Nb8 16. Be3 Qb7 17. Bd4 Nbd7 18. Nf5 Nc5 19. Nxg7 Bg4 20. Be2 Bxe2 21. Qxe2 Ncxe4 22. Nf5 Rfe8 23. Nce3 Bf8 24. Qf3 Bg7 25. Rae1 Bh8 26. Ng4 Qd7 27. Nxf6+ Nxf6 28. Qg3+ Kf8 29. Qg5 Rxe1 30. Rxe1 Re8 31. Rf1 Qd8 32. Qh6+ Kg8 33. h3 Re4 34. Rf3 Re1+ 35. Bg1 Ne4 36. Kh2 Qf6 37. Qh5 Kf8 38. Rb3 a5 39. Nd4 Qxf4+ 0-1

[Event "Berdsk Maestro op 16th"]
[Site "Berdsk"]
[Date "2010.07.11"]
[Round "4"]
[White "Banin, Dmitry"]
[Black "Lev, Nikolay"]
[Result "1-0"]
[WhiteElo "1839"]
[BlackElo "1725"]
[PlyCount "93"]
[EventDate "2010.07.08"]
[EventType "swiss"]
[EventRounds "9"]
[EventCountry "RUS"]
[SourceTitle "EXT 2011"]
[Source "ChessBase"]
[SourceDate "2010.11.26"]
[SourceVersion "1"]
[SourceVersionDate "2010.11.26"]
[SourceQuality "1"]

1. e4 c5 2. Nf3 Nc6 3. d4 cxd4 4. Nxd4 e5 5. Nb5 d6 6. N1c3 a6 7. Na3 Be6 8. Be2 Be7 9. 0-0 Nf6 10. Bg5 0-0 11. Bxf6 Bxf6 12. Nd5 Bxd5 13. Qxd5 Be7 14. c3 Qb6 15. Nc4 Qc5 16. Ne3 Qxd5 17. Nxd5 Rfd8 18. Rfd1 Bf8 19. Rd2 b5 20. a4 Na5 21. Ra3 bxa4 22. Rxa4 Nb7 23. Rxa6 Nc5 24. Rxa8 Rxa8 25. f3 Ra2 26. Bc4 Ra1+ 27. Kf2 g6 28. b4 Ne6 29. Rb2 Rh1 30. b5 Nc5 31. b6 Rxh2 32. b7 Nxb7 33. Rxb7 h5 34. Nf6+ Kg7 35. Rxf7+ Kh6 36. Rxf8 Kg5 37. Nd5 h4 38. Kg1 h3 39. Kxh2 hxg2 40. Kxg2 Kh5 41. Nc7 g5 42. Rg8 Kh6 43. Ne8 g4 44. Bf7 gxf3+ 45. Kxf3 Kh7 46. Nf6+ Kh6 47. Rg6# 1-0

[Event "Berdsk Maestro op 16th"]
[Site "Berdsk"]
[Date "2010.07.08"]
[Round "1"]
[White "Lev, Nikolay"]
[Black "Piter, Sergei"]
[Result "0-1"]
[WhiteElo "1725"]
[BlackElo "2093"]
[PlyCount "72"]
[EventDate "2010.07.08"]
[EventType "swiss"]
[EventRounds "9"]
[EventCountry "RUS"]
[SourceTitle "EXT 2011"]
[Source "ChessBase"]
[SourceDate "2010.11.26"]
[SourceVersion "1"]
[SourceVersionDate "2010.11.26"]
[SourceQuality "1"]

1. d4 d5 2. Nf3 Nf6 3. e3 e6 4. Bd3 c5 5. c3 Nc6 6. 0-0 Bd6 7. b3 0-0 8. Nbd2 e5 9. dxe5 Nxe5 10. Nxe5 Bxe5 11. Bb2 Bg4 12. Be2 Bf5 13. Nf3 Bd6 14. Re1 Qe7 15. Bf1 Rad8 16. g3 Ne4 17. Qe2 Bg4 18. Bg2 Ng5 19. h4 Ne4 20. Qc2 Bf5 21. Qe2 Rfe8 22. Qf1 Bg4 23. Nh2 Bh5 24. Qd3 Qc7 25. Qc2 Nxf2 26. Nf1 Ne4 27. Bxe4 dxe4 28. Qf2 Be5 29. Rac1 Re6 30. Rc2 Rg6 31. Kh2 Qe7 32. Kg1 Qxh4 33. Qh2 Bxg3 34. Nxg3 Rxg3+ 35. Rg2 Rxg2+ 36. Kxg2 Bf3+ 0-1

[Event "Nezhmetdinov Memorial 32nd"]
[Site "Kazan"]
[Date "2010.06.08"]
[Round "9"]
[White "Lev, Nikolay"]
[Black "Galimzianova, Aliya"]
[Result "0-1"]
[WhiteElo "1735"]
[BlackElo "1908"]
[PlyCount "74"]
[EventDate "2010.05.31"]
[EventType "swiss"]
[EventRounds "9"]
[EventCountry "RUS"]
[SourceTitle "CBM 136 Extra"]
[Source "ChessBase"]
[SourceDate "2010.07.02"]
[SourceVersion "2"]
[SourceVersionDate "2010.07.15"]
[SourceQuality "1"]

1. d4 f5 2. g3 e6 3. Bg2 Nf6 4. c4 d5 5. Nh3 c6 6. b3 Bd6 7. 0-0 Qe7 8. Bf4 0-0 9. Bxd6 Qxd6 10. Nd2 Ne4 11. Nf3 Nd7 12. Qc2 b6 13. Nf4 Bb7 14. Rac1 Rac8 15. e3 c5 16. Qe2 Ba6 17. Qb2 dxc4 18. bxc4 cxd4 19. exd4 Bxc4 20. Rfe1 Ndf6 21. Ne5 Ba6 22. Qb3 Rfe8 23. Qa4 b5 24. Qb3 Nd2 25. Qe3 Rxc1 26. Rxc1 Nc4 27. Qe2 Qxd4 28. Nc6 Qd7 29. Rd1 Qf7 30. Rd8 e5 31. Nd5 Rxd8 32. Nxd8 Qd7 33. Nxf6+ gxf6 34. Nc6 Bb7 35. Bd5+ Kh8 36. Bxc4 Qxc6 37. f3 bxc4 0-1

[Event "Khanty-Mansiysk Governor Cup-B 5th"]
[Site "Khanty-Mansiysk"]
[Date "2009.11.28"]
[Round "5"]
[White "Lev, Nikolay"]
[Black "Teterin, Alexander"]
[Result "0-1"]
[WhiteElo "1846"]
[BlackElo "2116"]
[PlyCount "62"]
[EventDate "2009.11.24"]
[EventType "swiss"]
[EventRounds "11"]
[EventCountry "RUS"]
[SourceTitle "EXT 2011"]
[Source "ChessBase"]
[SourceDate "2010.11.26"]
[SourceVersion "1"]
[SourceVersionDate "2010.11.26"]
[SourceQuality "1"]

1. d4 e5 2. e3 exd4 3. exd4 Nf6 4. Nf3 Be7 5. Bd3 0-0 6. 0-0 d5 7. Nbd2 Bg4 8. b3 c5 9. c3 cxd4 10. cxd4 Nc6 11. h3 Bh5 12. Be2 Qb6 13. Bb2 Rac8 14. Rc1 Bd6 15. a3 a5 16. Re1 Rfe8 17. Nf1 Bf4 18. Rb1 Ne4 19. Ne5 Bxe5 20. Bxh5 Bxd4 21. Bxd4 Nxd4 22. Rb2 Qc5 23. Ne3 Qc3 24. Qb1 Nd2 25. Qa2 N2f3+ 26. gxf3 Qxe1+ 27. Kg2 Rc1 28. Kg3 Ra1 29. Ng2 Rxa2 30. Nxe1 Rxb2 31. Nd3 Rd2 0-1

[Event "Nezhmetdinov Memorial 31st"]
[Site "Kazan"]
[Date "2009.06.01"]
[Round "2"]
[White "Lev, Nikolay"]
[Black "Sadykov, Airat F"]
[Result "0-1"]
[WhiteElo "1830"]
[BlackElo "2095"]
[PlyCount "82"]
[EventDate "2009.05.31"]
[EventType "swiss"]
[EventRounds "9"]
[EventCountry "RUS"]
[SourceTitle "CBM 130 Extra"]
[Source "ChessBase"]
[SourceDate "2009.07.02"]
[SourceVersion "2"]
[SourceVersionDate "2009.07.15"]
[SourceQuality "1"]

1. d4 d5 2. Nf3 Nf6 3. e3 c6 4. Bd3 Nbd7 5. b3 e6 6. a3 Bd6 7. Bb2 0-0 8. 0-0 Qc7 9. Nbd2 e5 10. dxe5 Nxe5 11. Nxe5 Bxe5 12. Bxe5 Qxe5 13. Nf3 Qd6 14. c4 Bg4 15. Be2 Rad8 16. Qc2 dxc4 17. Rfd1 cxb3 18. Qxb3 Qe7 19. Nd4 Rxd4 20. Rxd4 Bxe2 21. Qc2 Bg4 22. h3 Be6 23. a4 c5 24. Rd2 Bd5 25. Rad1 Qe4 26. Qxe4 Bxe4 27. a5 c4 28. Rc1 Bd3 29. Rb2 Rb8 30. f3 b5 31. axb6 axb6 32. e4 b5 33. Rb4 Nd7 34. Kf2 Ne5 35. Ke3 Nc6 36. Rb2 b4 37. Rd2 Rb6 38. Ra1 Kf8 39. f4 b3 40. Rxd3 cxd3 41. Kxd3 b2 0-1

[Event "Omsk RT op"]
[Site "Omsk"]
[Date "2009.??.??"]
[Round "1"]
[White "Lev, Nikolay"]
[Black "Karabut, Vladimir"]
[Result "0-1"]
[WhiteElo "1846"]
[BlackElo "2178"]
[PlyCount "100"]
[EventDate "2009.??.??"]
[EventType "swiss"]
[EventRounds "9"]
[EventCountry "RUS"]
[SourceTitle "EXT 2011"]
[Source "ChessBase"]
[SourceDate "2010.11.26"]
[SourceVersion "1"]
[SourceVersionDate "2010.11.26"]
[SourceQuality "1"]

1. d4 Nf6 2. Nf3 g6 3. Bf4 Bg7 4. Nbd2 d6 5. h3 0-0 6. e3 b6 7. a4 a6 8. Nc4 Bb7 9. Be2 Nbd7 10. 0-0 Re8 11. Bh2 Ne4 12. c3 e5 13. dxe5 Nxe5 14. Ncxe5 dxe5 15. Qxd8 Raxd8 16. Rfd1 f6 17. Rxd8 Rxd8 18. Rd1 Rxd1+ 19. Bxd1 Bf8 20. Kf1 Nc5 21. Bc2 Bc6 22. b3 Kg7 23. Nd2 Bd6 24. f3 Kf7 25. Bg3 a5 26. Ke2 b5 27. axb5 Bxb5+ 28. c4 Bc6 29. Be1 Na6 30. Be4 Bxe4 31. Nxe4 Bb4 32. Bd2 f5 33. Nf2 Ke6 34. Nd3 c6 35. Bc1 e4 36. fxe4 fxe4 37. Nxb4 axb4 38. Bd2 h5 39. Kd1 Kf5 40. g3 c5 41. Bc1 Nc7 42. Bb2 Ne6 43. h4 Kg4 44. Ke2 Kxg3 45. Bf6 Nf8 46. Be7 Nd7 47. Bg5 Kg4 48. Kf2 Ne5 49. Ke2 Nd3 50. Kd2 Kf3 0-1